Chase Atlantic Songs - Statistics

General Stats
  • This quiz has been taken 790 times
  • The average score is 10 of 15
Answer Stats
Views (On spotify) Answer % Correct
710,029,873 Swim
97%
657,491,299 Friends
93%
492,500,871 Into it
88%
282,858,492 Consume
79%
169,826,602 Meddle about
79%
171,592,130 HEAVEN AND BACK
77%
112,839,974 Church
75%
338,495,839 Slow down
75%
153,322,791 OHMAMI
65%
67,506,626 The Walls
64%
150,494,626 Right here
61%
130,691,031 Okay
58%
123,689,076 Moonlight
56%
71,172,835 Falling
34%
75,950,430 Drugs and Money
33%
No matching quizzes found
Score Distribution
Percent of People with Each Score
Percentile by Number Answered
Your Score History
You have not taken this quiz